Sui progetti di codice di commercio del regno d'Italia: 1807-1808. Considerazioni su un inedito di D. A. Azuni

Збережено в:
Бібліографічні деталі
Автор: Berlinguer, Luigi (Автор)
Формат: Книга
Мова:Італійська мова
Опубліковано: Milán Dott. A. Giuffrè 1970
Серія:Quaderni di Studi Senesi, 23
Предмети:
Теги: Додати тег
Немає тегів, Будьте першим, хто поставить тег для цього запису!

MARC

LEADER 00000nam a2200000 a 4500
001 UCR2929
003 CL-VaPUC
008 980116e19700000IT |||||||||||||||||ita|d
082 0 4 |a 349.45  |b BER  |2 21 
100 0 |a Berlinguer, Luigi  |e author  |9 401454 
245 1 4 |a Sui progetti di codice di commercio del regno d'Italia: 1807-1808. Considerazioni su un inedito di D. A. Azuni 
300 |a 164 p 
942 |c BK 
945 |d 19980116 00:00:00  |a crobeson 
260 |a Milán  |b Dott. A. Giuffrè  |c 1970 
600 0 7 |a AZUNI, D. A  |2 CL-VaPUC  |9 401455 
650 0 |a Derecho italiano  |9 385337 
650 0 |a Código de comercio   |9 329302 
650 0 |a Derecho público   |9 255910 
650 0 |a Derecho comercial   |9 256340 
650 0 |a Derecho marítimo  |9 255301 
651 0 |a Italia  |9 254949 
583 |a last modification  |c 19980116 00:00:00  |k Rodrigo Vera 
490 0 |a Quaderni di Studi Senesi, 23 
999 |c 266050  |d 266048 
952 |0 0  |1 0  |4 0  |6 349_450000000000000_BER_1970  |7 0  |8 DER_HIS  |9 297340  |a BIBDER  |b BIBDER  |d 2019-11-20  |i 1933175  |l 1  |o 349.45 BER 1970  |p 1933175  |r 2023-01-25  |s 2020-03-18  |w 2019-11-20  |x Ubicación 4to Piso  |y BK  |z Estos recursos deben solicitarse con anticipación  |k DER